<?xml version="1.0" encoding="UTF-8"?><?xml-stylesheet type="text/xsl" href="static/style.xsl"?><OAI-PMH xmlns="http://www.openarchives.org/OAI/2.0/" xmlns:xsi="http://www.w3.org/2001/XMLSchema-instance" xsi:schemaLocation="http://www.openarchives.org/OAI/2.0/ http://www.openarchives.org/OAI/2.0/OAI-PMH.xsd"><responseDate>2026-04-17T06:04:06Z</responseDate><request verb="GetRecord" identifier="oai:www.recercat.cat:2445/216819" metadataPrefix="marc">https://recercat.cat/oai/request</request><GetRecord><record><header><identifier>oai:recercat.cat:2445/216819</identifier><datestamp>2025-12-04T22:31:47Z</datestamp><setSpec>com_2072_1057</setSpec><setSpec>col_2072_478917</setSpec><setSpec>col_2072_478931</setSpec></header><metadata><record xmlns="http://www.loc.gov/MARC21/slim" xmlns:dcterms="http://purl.org/dc/terms/" xmlns:xsi="http://www.w3.org/2001/XMLSchema-instance" xmlns:doc="http://www.lyncode.com/xoai" xsi:schemaLocation="http://www.loc.gov/MARC21/slim http://www.loc.gov/standards/marcxml/schema/MARC21slim.xsd">
   <leader>00925njm 22002777a 4500</leader>
   <datafield ind2=" " ind1=" " tag="042">
      <subfield code="a">dc</subfield>
   </datafield>
   <datafield ind2=" " ind1=" " tag="720">
      <subfield code="a">Pereda Beltran, Noemí</subfield>
      <subfield code="e">author</subfield>
   </datafield>
   <datafield ind2=" " ind1=" " tag="720">
      <subfield code="a">Gallardo-Pujol, David</subfield>
      <subfield code="e">author</subfield>
   </datafield>
   <datafield ind2=" " ind1=" " tag="260">
      <subfield code="c">2024-11-28T16:29:13Z</subfield>
   </datafield>
   <datafield ind2=" " ind1=" " tag="260">
      <subfield code="c">2024-11-28T16:29:13Z</subfield>
   </datafield>
   <datafield ind2=" " ind1=" " tag="260">
      <subfield code="c">2011</subfield>
   </datafield>
   <datafield ind2=" " ind1=" " tag="260">
      <subfield code="c">2024-11-28T16:29:13Z</subfield>
   </datafield>
   <datafield ind2=" " ind1=" " tag="520">
      <subfield code="a">Objetivos: Los resultados de diversos estudios sugieren la existencia de un período crítico en el desarrollo del individuo en el cual la experiencia de maltrato y abuso sexual puede conllevar cambios neurobiológicos permanentes o muy duraderos, afectando especialmente a la respuesta del eje neuroendocrino hipotálamico-hipofisario-adrenal. El objetivo de este trabajo es ofrecer una revisión actualizada de las principales consecuencias neurobiológicas del abuso sexual infantil. Métodos: Se seleccionaron aquellas publicaciones de enero de 1999 a enero de 2010, en inglés o español, centradas en las consecuencias neurobiológicas relacionadas con la experiencia de abuso sexual infantil mediante las bases de datos Medline, Scopus, Psycinfo y Web of Science. También se examinaron las listas de referencias de estudios publicados acerca de las consecuencias neurobiológicas de la victimización en la infancia. Resultados: Se incluyeron 34 estudios sobre consecuencias neurobiológicas del abuso sexual infantil, de los cuales se extraen alteraciones neuroendocrinas, estructurales, funcionales y neuropsicológicas que afectan a un importante número de víctimas. Conclusiones: Los trabajos que hasta ahora han explorado los efectos neurobiológicos del maltrato muestran que es necesario considerar a éste y al abuso sexual infantil como problemas de salud que afectan a diferentes áreas de la vida de sus víctimas, favoreciendo así el desarrollo de programas de intervención y tratamiento teniendo en cuenta sus múltiples efectos.</subfield>
   </datafield>
   <datafield tag="653" ind2=" " ind1=" ">
      <subfield code="a">Abús sexual envers els infants</subfield>
   </datafield>
   <datafield tag="653" ind2=" " ind1=" ">
      <subfield code="a">Neurobiologia</subfield>
   </datafield>
   <datafield tag="653" ind2=" " ind1=" ">
      <subfield code="a">Víctimes d'abús sexual</subfield>
   </datafield>
   <datafield tag="653" ind2=" " ind1=" ">
      <subfield code="a">Child sexual abuse</subfield>
   </datafield>
   <datafield tag="653" ind2=" " ind1=" ">
      <subfield code="a">Neurobiology</subfield>
   </datafield>
   <datafield tag="653" ind2=" " ind1=" ">
      <subfield code="a">Sexual abuse victim</subfield>
   </datafield>
   <datafield ind2="0" ind1="0" tag="245">
      <subfield code="a">Revisión sistemática de las consecuencias neurobiológicas del abuso sexual infantil</subfield>
   </datafield>
   <datafield ind2="0" ind1="0" tag="245">
      <subfield code="a">Neurobiological consequences of child sexual abuse: a systematic review</subfield>
   </datafield>
</record></metadata></record></GetRecord></OAI-PMH>